000 00390nam a22001697a 4500
003 MPLRDC
005 20220104142656.0
008 210129b ||||| |||| 00| 0 eng d
082 _a191.9 YY
100 _a杨越主编
245 _a当你步入人生
_c
250 _a一版三刷
260 _a
_b广东人民出版社
_c1984
300 _b
650 _a
942 _cBK
_o191.9 YY
999 _c32805
_d32795